Manuel García-Pelayo Derecho Constitucional Comparado (Record no. 32198)

MARC details
000 -LEADER
campo de control de longitud fija 00388nam a2200145Ia 4500
005 - FECHA Y HORA DE LA ÚLTIMA TRANSACCIÓN
campo de control 20251222153627.0
008 - DATOS DE LONGITUD FIJA--INFORMACIÓN GENERAL
campo de control de longitud fija 251222s9999||||xx |||||||||||||| ||spa||
020 ## - NÚMERO INTERNACIONAL ESTÁNDAR DEL LIBRO
Número Internacional Estándar del Libro 8420680869
082 ## - NÚMERO DE LA CLASIFICACIÓN DECIMAL DEWEY
Número de clasificación 342.46/G23P
100 ## - ENTRADA PRINCIPAL--NOMBRE DE PERSONA
Nombre de persona García-Pelayo, Manuel
245 #0 - MENCIÓN DEL TÍTULO
Título Manuel García-Pelayo Derecho Constitucional Comparado
250 ## - MENCION DE EDICION
Mención de edición 2a. ed.
264 ## - PRODUCCIÓN, PUBLICACIÓN, DISTRIBUCIÓN, FABRICACIÓN Y COPYRIGHT
Nombre del de productor, editor, distribuidor, fabricante Alianza Editorial, S.A.
942 ## - ELEMENTOS DE ENTRADA SECUNDARIOS (KOHA)
Tipo de ítem Koha Libros
Holdings
Estatus retirado Estado de pérdida Estado de daño No para préstamo Biblioteca de origen Biblioteca actual Ubicación en estantería Fecha de adquisición Total de préstamos Signatura topográfica completa Código de barras Visto por última vez Precio de reemplazo Tipo de ítem Koha
        Biblioteca Nueva Cajamarca Biblioteca Nueva Cajamarca Programa 22/12/2025   342.46/G23P 0027941 22/12/2025 22/12/2025 Libros